Budget of the United States Government Fiscal Year 1992
Gespeichert in:
| Format: | Buch |
|---|---|
| Sprache: | Englisch |
| Veröffentlicht: |
Washington
Executive Office of the President Office of Management and Budget
1991
|
| Ausgabe: | 1. ed. |
| Schlagworte: | |
| Tags: |
Keine Tags, Fügen Sie das erste Tag hinzu!
|
MARC
| LEADER | 00000nam a2200000 4500 | ||
|---|---|---|---|
| 001 | c018958 | ||
| 005 | 20221206114439.0 | ||
| 041 | 0 | |a eng | |
| 044 | |a US | ||
| 245 | 1 | 0 | |a Budget of the United States Government |b Fiscal Year 1992 |
| 250 | |a 1. ed. | ||
| 264 | 1 | |a Washington |b Executive Office of the President Office of Management and Budget |c 1991 | |
| 300 | |a 1239 s. | ||
| 610 | 2 | 0 | |a financie štátne |
| 610 | 2 | 0 | |a financie verejné |
| 610 | 2 | 0 | |a rozpočet štátny |
| 610 | 2 | 0 | |a plánovanie finančné |
| 610 | 2 | 0 | |a plánovanie rozpočtové |
| 610 | 2 | 0 | |a plán finančný |
| 610 | 2 | 0 | |a USA |